000 00342nam a2200157Ia 4500
100 _aMurray/W.H/ Pappas/Chris
250 _a2
942 _cBK
654 _aComputer
245 _aThe Visual C++ Handbook
260 _bTata Mc Graw hill
_aNew Delhi
_c1997
082 _a5.133
_bMUR
300 _a1096
546 _aENGLISH
999 _c29967
_d29967